|
|
|
|
| LEADER |
00000cam a2200000 7i4500 |
| 001 |
0000000365 |
| 005 |
20011210.0 |
| 090 |
0 |
0 |
|a 633.58095951
|b DRA
|
| 100 |
1 |
0 |
|a DRANSFIELD
|h John
|
| 245 |
1 |
2 |
|a A manual of the rattans of the Malay Peninsula
|c John Dransfield
|
| 260 |
0 |
0 |
|a Kuala Lumpur :
|b Forest Dept., Ministry of Primary Industries ,
|c 1979
|
| 300 |
|
|
|a 270 p. :
|b ill. ;
|c 27 cm.
|
| 440 |
0 |
0 |
|a Malayan forest records; n. 29
|
| 500 |
0 |
0 |
|a Bibliography: [p. 262-264]
|
| 650 |
0 |
0 |
|a Rattan
|z Peninsular Malaysia
|
| 998 |
|
|
|a JPSM
|
| 999 |
|
|
|a 0000000123
|b Monograph
|c Open Shelf
|e Default branch
|
| 999 |
|
|
|a 0000000124
|b Monograph
|c Open Shelf
|e Default branch
|
| 999 |
|
|
|a 0000003618
|b Monograph
|c Open Shelf
|e Default branch
|